000 00198 a2200097 4500
001 44078
100 _aGunther J
245 _aInside africa
260 _aLondon
_bHamish
_c
090 _c27823
_d27823
942 _aNUST-CAE
_cM
_c19806
999 _c279151
_d279151